000
00256nam a22001097a 4500
082
_a
621.3813 GIB'A
100
_a
GIBBONS, G
_9
78604
245
_a
AVALANCHE DIODE MICROWAVE OSCILLATORS
260
_a
OXFORD
_b
CLARENDON
_c
1973
300
_a
138P
942
_c
BK
999
_c
583714
_d
583714